000 00542nam a2200205Ia 4500
001 61219
008 080101n ii |||gr||||Z||||||asm
020 _a978-93-5254-271-0
082 _a891.412
100 _aLahkar, Sitanath,
_eAuthor.
245 0 _aNatyarghya-2
_cby Dr Sitanath Lahkar
_hTextual Documents
250 _a1st ed.
260 _aGuwahati:
_bSamahar Natya Gosthee.,
_c2016.
300 _a390p:
_c23cm.
653 _aAssamese
653 _aAssamese drama
653 _aG-Assamese
653 _aMS-Assamese
942 _2ddc
_cBK
999 _c62329
_d62329